000 00570nam a2200205Ia 4500
003 OSt
005 20220926035043.0
006 a|||||r|||| 00| 0
007 ta
008 220923b |||||||| |||| 00| 0 eng d
037 _cGeneral Book
040 _aRTL
_cRTL
_beng
041 _2eng
_aeng
082 _aX:9260Y, J5
100 _aFriedmann Georges
_9341767
245 0 _aIndustrial society
_b The emergence of the human pr
650 _aJob Evaluation
_9241457
942 _hX:9260Y, J5
_cGB
_2CC
999 _c661213
_d661213